LEADER 02065nam0 2200433 i 450 001 UFI0432385 005 20251003044429.0 010 $a884081258X 020 $aIT$b2004-3992 100 $a20140204d2003 ||||0itac50 ba 101 | $aita$cita 102 $ait 181 1$6z01$ai $bxxxe 182 1$6z01$an 183 1$6z01$anc$2RDAcarrier 200 1 $aFisica generale$eelettromagnetismo$fS. Focardi, I. Massa, A. Uguzzoni 210 $aMilano$cCEA$d2003 215 $aXIII, 304 p.$d27 cm. 500 10$aFisica generale$3UBS0021606$9CFIV044694$93882516 606 $aElettromagnetismo$2FIR$3CFIC016914$9E 606 $aMeccanica$2FIR$3CFIC013839$9E 676 $a531$9MECCANICA$v20 676 $a537$9ELETTRICITA ED ELETTRONICA$v23 696 $aMeccanica newtoniana$aMeccanica classica 699 $aMeccanica$yMeccanica newtoniana 699 $aMeccanica$yMeccanica classica 700 1$aFocardi$b, Sergio$f <1932-2013>$3CFIV044694$4070$01588590 701 1$aUguzzoni$b, Arnaldo$3SBLV191109$4070$0737837 701 1$aMassa$b, Ignazio$f <1944- >$3UBOV106042$4070$0817745 790 1$aMassa$b, I.$3CFIV163735$zMassa, Ignazio <1944- > 790 1$aMassa$b, Ignazio G.$3CFIV173052$zMassa, Ignazio <1944- > 801 3$aIT$bIT-000000$c20140204 850 $aIT-BN0095 901 $bNAP 01$cBCA $nComprende monografie e periodici di diritto, testi di ingegneria, di scienze e tecnologia di nuova acquisizione. 912 $aUFI0432385 950 0$aBiblioteca Centralizzata di Ateneo$c1 v. in tre copie$d 01BCA SC. TECNOL 14$e 01 0000001805 VMA A4 1 v.$fB $h20210622$i20210622$c1 v. in tre copie$d 01BCA SC. TECNOL 14$e 01 0000002595 VMA A4(bis 1 v. (2. copia)$fY $h20210622$i20210622$c1 v. in tre copie$d 01BCA SC. TECNOL 14$e 01 0000002605 VMA A4(ter 1 v. (3. copia)$fY $h20210622$i20210622 977 $a 01 996 $aFisica generale$93882516 997 $aUNISANNIO LEADER 02957nam 2200601Ia 450 001 9910969093903321 005 20251117063234.0 010 $a1-60741-411-2 035 $a(CKB)1000000000786440 035 $a(EBL)3018508 035 $a(SSID)ssj0000130162 035 $a(PQKBManifestationID)11134399 035 $a(PQKBTitleCode)TC0000130162 035 $a(PQKBWorkID)10081084 035 $a(PQKB)11336312 035 $a(MiAaPQ)EBC3018508 035 $a(BIP)25018591 035 $a(EXLCZ)991000000000786440 100 $a20081118d2009 uy 0 101 0 $aeng 135 $aur|n|---||||| 181 $ctxt 182 $cc 183 $acr 200 10$aControlled structures with electromechanical and fiber-optical sensors /$fUri Melashvili, Georgi Lagundaridze and Malkhaz Tsikarishvili 205 $a1st ed. 210 $aNew York $cNova Science Publishers$dc2009 215 $a1 online resource (219 p.) 300 $aIncludes index. 311 08$a1-60692-486-9 327 $aIntro -- CONTENTS -- PREFACE -- ACKNOWLEDGEMENTS -- UNITS AND CONVERSION FACTORS -- INTRODUCTION -- USE OF ELECTROMECHANICAL AND FIBER-OPTICAL SENSORS IN CIVIL ENGINEERING -- ELECTROMECHANICAL AND FIBER-OPTICAL SENSORS JOINT OPERATION WITH CABLES AND GUYS -- REGULATION OF OPERATION OF COMBINED FRAMED STRUCTURES USING ELECTROMECHANICAL AND FIBER-OPTIC SENSORS -- REGULATION OF THE MODE OF DEFORMATION OF CABLE AND GUY STAYED TRUSSES USING ELECTROMECHANICAL AND FIBER OPTIC SENSORS -- REGULATION OF STRESSES AND STRAINS IN SPATIAL COMPOSITE CONSTRUCTIONS WITH ELECTRO-MECHANICAL AND FIBER-OPTICAL SENSORS -- REGULATION OF VIBRATIONS OF SUSPENSION AND GUY BRIDGES USING ELECTRO-MECHANICAL AND FIBER-OPTICAL STRUCTURES -- APPLICATION OF ELECTROMECHANICAL AND FIBER-OPTICAL SENSORS IN THE MANAGEMENT OF SPACE STRUCTURES OPERATION -- PROSPECTS OF THE DEVELOPMENT OF CONTROLLED STRUCTURES -- INDEX. 330 $aSet of 6 Base Boards overlays, featuring number facts to 10. Pupils can match the Numicon Shapes to see a picture of number bonds. Includes grey versions so pupils move beyond matching by colour. 606 $aStructural control (Engineering)$xEquipment and supplies 606 $aOptical fiber detectors 606 $aElectromechanical devices 606 $aFlexible structures 606 $aSmart structures 615 0$aStructural control (Engineering)$xEquipment and supplies. 615 0$aOptical fiber detectors. 615 0$aElectromechanical devices. 615 0$aFlexible structures. 615 0$aSmart structures. 676 $a624.1/71 700 $aMelashvili$b Yuri$01867595 701 $aLagundaridze$b Georgi$01867596 701 $aTsikarishvili$b Malkhaz$01867597 801 0$bMiAaPQ 801 1$bMiAaPQ 801 2$bMiAaPQ 906 $aBOOK 912 $a9910969093903321 996 $aControlled structures with electromechanical and fiber-optical sensors$94475219 997 $aUNINA